000 00480nab a2200145Ia 4500
003 ES-SlBCS
005 20210601134617.0
008 140529s1994 xxu||||| |||| 00| 0 spa d
041 _aspa
100 1 _aCastillo, Lucas Guillermo
_9220391
245 0 0 _aLa raigambre salesiana en Venezuela. Cien años de la primera siembra
_c Lucas Guillermo Castillo
610 2 4 _aSalesianos-Venezuela
_9220390
773 0 _tAnthropos
_gvol. 15, nº. 29, 1994, págs. 209-273
_wRev38
942 _cAR
999 _c615229
_d615229